000 00710nam a2200229 4500
003 LK-CoMWRAF
005 20230928223122.0
008 230928b |||||||| |||| 00| 0 eng d
020 _a1856495906
040 _aLK-CoMWRAF
_dLK-CoMWRAF
_eLK-CoMWRAF
041 _aeng
082 _a305.48
_bMOG
100 _aMoghissi, Haideh
245 _aFeminism and Islamic fundamentalism :
_bThe limits of postmodern analysis
260 _aNew York :
_bZed Books,
_c1999
300 _aix, 166 p. ; 23 cm
650 _aMuslim women
650 _aIslamic fundamentalism
650 _aWomen (Islamic law) Feminism--Religious aspects--Islam
650 _aWomen--Islamic countries--Social conditions
942 _cBK
999 _c3734
_d3734